000 00577nam a2200217 a 4500
001 13993
003 CO-ViMGA
005 20230915230754.0
008 141112s2004 ck r 000 u spa d
020 _a8479021586
040 _aCO-ViMGA
_bspa
_cCO-ViMGA
082 0 4 _a796.352 L315
100 1 _aLeadbetter, David
_912890
245 1 0 _aLecciones de los grandes maestros
260 _aMadrid :
_bTutor,
_c1995
300 _a160
590 _aForma de adquisición : Compra
650 1 4 _aGOLF - BIOGRAFIAS
_912892
650 1 4 _aGOLF - ENSEÑANZA
_912891
942 _2ddc
_cBK
999 _c24694
_d24694